| 000 | 00510nam a2200205Ia 4500 | ||
|---|---|---|---|
| 003 | GCL | ||
| 008 | 140319s9999 xx 000 0 eng d | ||
| 040 |
_aGCL / _cGCL |
||
| 082 | 0 | 4 |
_a696.1 _bP P |
| 100 | 1 | _aPESSEY, CHRISTIAN | |
| 245 | 1 | 0 |
_aLA PLOMBERIE / _cPESSEY, CHRISTIAN |
| 700 | 1 | _aGUEDJ, MARCEL | |
| 260 |
_a[S.N] : _bCIL ، _c1992 |
||
| 300 | _a126 P | ||
| 490 |
_aLE LIVRE DE POCHE _v0 |
||
| 650 | 0 | 4 | _aPESSEY, CHRISTIAN |
| 650 | 0 | 4 | _aPLUMBING |
| 650 | 0 | 4 | _aPLUMBING FIXTURES |
| 942 |
_2ddc _cBK |
||
| 999 |
_c15290 _d15290 |
||